Windows 95 programming for dummies / (Record no. 8517)

MARC details
000 -LEADER
fixed length control field 00615nac a22001931u 4500
010 ## - LIBRARY OF CONGRESS CONTROL NUMBER
LC control number 95075056
020 ## - INTERNATIONAL STANDARD BOOK NUMBER
International Standard Book Number 1568843275 (pbk.)
082 ## - DEWEY DECIMAL CLASSIFICATION NUMBER
Classification number 005.4469
Item number DAV
090 ## - LOCALLY ASSIGNED LC-TYPE CALL NUMBER (OCLC); LOCAL CALL NUMBER (OCLC)
-- 8517
-- 8517
100 ## - MAIN ENTRY--PERSONAL NAME
Personal name Davis, Randy.
245 10 - TITLE STATEMENT
Title Windows 95 programming for dummies /
Statement of responsibility, etc Stephen R. Davis.
260 ## - PUBLICATION, DISTRIBUTION, ETC. (IMPRINT)
Place of publication, distribution, etc Braintree, MA :
Name of publisher, distributor, etc IDG Books Worldwide,1995
Date of publication, distribution, etc 1995.
300 ## - PHYSICAL DESCRIPTION
Extent 521p.:
Dimensions ill.;
Other physical details 23 cm.
500 ## - GENERAL NOTE
General note distributer: Al-Ahram
500 ## - GENERAL NOTE
General note Includes index
511 ## - PARTICIPANT OR PERFORMER NOTE
Participant or performer note catalogued by: wessam
650 ## - SUBJECT ADDED ENTRY--TOPICAL TERM
Topical term or geographic name as entry element Microsoft windows (Computer file)
942 ## - ADDED ENTRY ELEMENTS (KOHA)
Item type Book - Borrowing
Call number prefix 005.4469DAV
Holdings
Withdrawn status Item status Damaged status Not for loan Home library Current library Shelving location Date acquired Source of acquisition Total Checkouts Full call number Barcode Date last seen Koha item type
        Central Library Central Library Lower Floor 08/03/2011 Purchase   005.4469DAV 000009883 15/07/2025 Book - Borrowing